| 000 | 00683nam a2200241Ia 4500 | ||
|---|---|---|---|
| 001 | 6043 | ||
| 005 | 20240113233900.0 | ||
| 007 | ta | ||
| 008 | 050624s 199 a g b000 u eng u | ||
| 020 | _a1-85326-401-6 | ||
| 040 | _aCotton College,Assam | ||
| 041 | _aeng | ||
| 082 |
_a821.08 _bWo 89 Wo |
||
| 100 | _aWordsworth, William . | ||
| 245 | 0 |
_aThe Works of William Wordsworth / _cWilliam Wordsworth. _hTextual Documents |
|
| 260 |
_aHertfordshire : _bThe Wordsworth Poetry Library , _cC 1994. |
||
| 300 |
_axxi, 906p. : _bill ; _c21cm. . |
||
| 504 | _aIndex | ||
| 653 | _aEnglish- Poetry- Wordsworth | ||
| 942 |
_2ddc _cBK |
||
| 999 |
_c6030 _d6030 |
||